000 00721nas a2200253 4500
001 BR8306328
003 BR-BrBNA
005 20231205085722.0
007 ta
008 230509b bl.|||p| |||| 00| 00por d
040 _aBR-BrBNA
_bpor
_cBiblioteca Nacional de Agricultura
041 _a(Pt)
072 _aL01; Q60
100 1 _aSommer, P.G.
245 1 _aProducao de cera apicola
650 _aCERA
650 _aEXTRACAO
650 _aFAVO
650 _aCOR
650 _aPRENSAGEM
773 0 _tInforme Agropecuario - Empresa de Pesquisa Agropecuaria de Minas Gerais (Brazil)
_xISSN 0100-3364
_g(Oct 1983), v. 9(106) p. 46-49
_wBR8306328
909 _a202311
_bLúcia
_c55
_dLúcia Elande
942 _2AGRIS
_n0
_cANA
999 _c113327
_d113327